Návrh zariadenia na triedenie partikulárnych materiálov

Uložené v:
Podrobná bibliografia
Hlavný autor: Jezsó, Kristian (Autor)
Ďalší autori: Peciar, Peter (Vedúci práce)
Médium: Rukopis Kniha
Jazyk:Slovak
Vydavateľské údaje: 2020
Predmet:
On-line prístup:http://is.stuba.sk/zp/portal_zp.pl?podrobnosti=150517
Tagy: Pridať tag
Žiadne tagy, Buďte prvý, kto otaguje tento záznam!

MARC

LEADER 00000ntm a22000003a 4500
001 stuzp76660
003 SK-STU
005 20200711210325.4
007 ta
008 150427s2015----xo-----f-mn---000-0-slo-d
040 |a STU  |b slo 
041 0 |a slo 
100 1 |a Jezsó, Kristian  |u 020040  |k Z4  |4 aut  |U SjF Strojnícka fakulta  |T SjF Ústav procesného inžinierstva  |X 81391  |U J0040  |Y 807  |7 81391 
242 0 1 |a Design of sieving equipment for particulate materials  |y eng 
245 1 0 |a Návrh zariadenia na triedenie partikulárnych materiálov 
260 |c 2020 
650 4 |a sieving equipment  |2 eng 
650 4 |a effectiveness of classification  |2 eng 
650 4 |a classification  |2 eng 
650 4 |a particulate material  |2 eng 
650 4 |a partikulárna látka  |2 slo 
650 4 |a triediace zariadenie  |2 slo 
650 4 |a účinnosť triedenia  |2 slo 
650 4 |a triedenie  |2 slo 
700 1 |a Peciar, Peter  |u 020040  |k Z1  |4 ths  |U SjF Strojnícka fakulta  |T SjF Ústav procesného inžinierstva  |X 41013  |U J0040  |Y 807  |7 A000041013 
856 4 |u http://is.stuba.sk/zp/portal_zp.pl?podrobnosti=150517 
996 |b 284J046420  |c J* 3210/DDP  |l JJSK  |s A  |a 24  |w stuzp76660_0001